What Physics Facts Are False? #1 - Statistics

General Stats
  • This quiz has been taken 39 times
  • The average score is 8 of 15
Answer Stats
Question Answer % Correct
Galileo Galilei discovered these Jovian moons: Thebe
81%
These are the stages the sun will go through in its life: Black hole
69%
These physicists were the pioneers of quantum mechanics: Ernest Rutherford
69%
The 5 types of waves are: Plasma
69%
The laws of Newton are: Every object gets affected by an external force
63%
These are the relativities set out by Einstein: Normal relativity
63%
Spacetime warps from these objects: Magnetic fields
56%
These forces are stronger than gravity: Motion force
50%
These particles are bigger than a quark: Neutrino
50%
These wavelengths are beyond human vision: 380nm-700nm
44%
These telescopes orbit in space: Keck telescope
44%
These facilities are able to detect gravitational waves: FEMTO
38%
These travel slower than light: Gravity
38%
Proxima Centauri is this close to the Sun: 3.8ly
31%
The sun is smaller than these other stars: Gliese 299
25%
No matching quizzes found
Score Distribution
Percent of People with Each Score
Percentile by Number Answered
Your Score History
You have not taken this quiz